Centralizácia verzus decentralizácia – teoretické východiská a tendencie vývoja bakalárska práca

Na minha lista:
Detalhes bibliográficos
Autor principal: Balog, Miloš
Autor Corporativo: Národohospodárska fakulta EU. Katedra financií
Outros Autores: Neupauerová, Zuzana
Formato: Livro
Idioma:eslovaco
Publicado em: Bratislava 2010
Tags: Adicionar Tag
Sem tags, seja o primeiro a adicionar uma tag!

MARC

LEADER 00000nbm a2200000 4500
001 0133120
005 20161109111507.9
041 0 |a slo 
044 |a SK 
245 1 0 |a Centralizácia verzus decentralizácia – teoretické východiská a tendencie vývoja  |b bakalárska práca  |c Miloš Balog ; školiteľ: Zuzana Neupauerová 
264 1 |a Bratislava  |c 2010 
300 |a 39 s. 
100 1 |a Balog, Miloš 
700 1 |a Neupauerová, Zuzana 
710 2 |a Národohospodárska fakulta EU. Katedra financií